wiiw Balkan Observatory Working Papers (Record no. 8643)
[ view plain ]
| 000 -LEADER | |
|---|---|
| fixed length control field | 00473nas a2200157uu 4500 |
| 001 - CONTROL NUMBER | |
| control field | WIIW0000140 |
| 003 - CONTROL NUMBER IDENTIFIER | |
| control field | OSt |
| 005 - DATE AND TIME OF LATEST TRANSACTION | |
| control field | 20181219121644.0 |
| 008 - FIXED-LENGTH DATA ELEMENTS--GENERAL INFORMATION | |
| fixed length control field | 181219c19999999au z||m| |||| 00| |0eng d |
| 040 ## - CATALOGING SOURCE | |
| Transcribing agency | OSt |
| 041 ## - LANGUAGE CODE | |
| Language code of text/sound track or separate title | eng |
| 110 2# - MAIN ENTRY--CORPORATE NAME | |
| Corporate name or jurisdiction name as entry element | Wiener Institut für Internationale Wirtschaftsvergleiche (wiiw) |
| 9 (RLIN) | 3 |
| 245 1# - TITLE STATEMENT | |
| Title | wiiw Balkan Observatory Working Papers |
| 260 ## - PUBLICATION, DISTRIBUTION, ETC. | |
| Place of publication, distribution, etc. | Wien : |
| Name of publisher, distributor, etc. | Wiener Institut für Internationale Wirtschaftsvergleiche (wiiw), |
| Date of publication, distribution, etc. | 1999- |
| 942 ## - ADDED ENTRY ELEMENTS (KOHA) | |
| Koha item type | Periodical |
| Source of classification or shelving scheme | Other/Generic Classification Scheme |
No items available.
